Tragedi politik hukum HAM
| Main Author: | Marzuki, Suparman |
|---|---|
| Published: |
Yogyakarta:
Pustaka Pelajar,
2011.
|
| Subjects: |
| LEADER | 00569cam a2200169 7i4500 | ||
|---|---|---|---|
| 001 | 0000045842 | ||
| 005 | 20130225090000.0 | ||
| 020 | |a 9786029033441 (pbk.) | ||
| 090 | 0 | 0 | |a KNW2460 |b .M39 2011 |
| 100 | 1 | |a Marzuki, Suparman | |
| 245 | 1 | 0 | |a Tragedi politik hukum HAM |c Dr. Suparman Marzuki. |
| 260 | |a Yogyakarta: |b Pustaka Pelajar, |c 2011. | ||
| 300 | |a xx, 497 p.; |c 21 cm. | ||
| 650 | 0 | 0 | |a Civil rights -- |z Indonesia |
| 650 | 0 | 0 | |a Human rights -- |x Political aspects -- |z Indonesia |
| 997 | |a Centre for Graduate Studies | ||
| 999 | |a 0000051650 |b BOK |c OPEN SHELF |e 1st Floor, Shah Alam | ||


